| 000 | 00373nam a2200157Ia 4500 | ||
|---|---|---|---|
| 008 | 230524s9999 xx 000 0 und d | ||
| 082 |
_a621.35 _bHUS |
||
| 100 | _aAshfaq Husain | ||
| 245 | 0 | _a"Networks and Systems ," | |
| 250 | _a2ND | ||
| 260 |
_aNEW DELHI _bKhanna _c2004 |
||
| 300 | _aXX;1145 | ||
| 500 | _aQuantity Number: 2 | ||
| 650 | _aElectrical | ||
| 942 | _cBK | ||
| 999 |
_c36849 _d36849 |
||